Catálogo

Ensayos aristotélicos / (Registro nro. 41190)

Detalles MARC
000 -LEADER
fixed length control field 01038cam a2200289 i 4500
001 - CONTROL NUMBER
control field 41190
003 - CONTROL NUMBER IDENTIFIER
control field Mx-PuUPA
005 - DATE AND TIME OF LATEST TRANSACTION
control field 20220909154402.0
008 - FIXED-LENGTH DATA ELEMENTS--GENERAL INFORMATION
fixed length control field 140415s1996 mx gr 000 e spa d
020 ## - INTERNATIONAL STANDARD BOOK NUMBER
International Standard Book Number 9682002516
040 ## - CATALOGING SOURCE
Original cataloging agency Mx-PuUPA
Language of cataloging spa
Transcribing agency Mx-PuUPA
Modifying agency Mx-PuUPA
Description conventions rda
041 0# - LANGUAGE CODE
Language code of text/sound track or separate title spa
245 00 - TITLE STATEMENT
Title Ensayos aristotélicos /
Statement of responsibility, etc. Virginia Aspe [y otros cuatro] ; edición a cargo de José Luis Rivera
264 #1 - PRODUCTION, PUBLICATION, DISTRIBUTION, MANUFACTURE, AND COPYRIGHT NOTICE
Place of production, publication, distribution, manufacture Ciudad de México :
Name of producer, publisher, distributor, manufacturer Publicaciones Cruz-O,
Date of production, publication, distribution, manufacture, or copyright notice 1996
300 ## - PHYSICAL DESCRIPTION
Extent xiv, 119 páginas ;
Dimensions 22 cm
336 ## - CONTENT TYPE
Fuente rdacontent
Content type term texto
Content type code txt
337 ## - MEDIA TYPE
Source rdamedia
Media type term sin medio
Media type code n
338 ## - CARRIER TYPE
Source rdacarrier
Carrier type term volumen
Carrier type code nc
490 0# - SERIES STATEMENT
Series statement Colección Claves ;
Volume/sequential designation 16
600 04 - SUBJECT ADDED ENTRY--PERSONAL NAME
Personal name Aristóteles,
Dates associated with a name 384-322 a. C.
General subdivision Crítica e interpretación
600 04 - SUBJECT ADDED ENTRY--PERSONAL NAME
Personal name Aristóteles
General subdivision Crítica e interpretación
700 1# - ADDED ENTRY--PERSONAL NAME
Personal name Aspe, Virginia,
Relator term autor
700 1# - ADDED ENTRY--PERSONAL NAME
Personal name Rivera, José Luis,
Relator term editor
942 ## - ADDED ENTRY ELEMENTS (KOHA)
Source of classification or shelving scheme Dewey Decimal Classification
Classification part 185
Item part E596
Koha item type Libro
Existencias
Withdrawn status Lost status Source of classification or shelving scheme Damaged status Not for loan Collection code Home library Current library Shelving location Date acquired Source of acquisition Total Checkouts Total Renewals Full call number Barcode Date last seen Date last checked out Price effective from Koha item type
    Dewey Decimal Classification     General Biblioteca Karol Wojtyla Biblioteca Karol Wojtyla Sala general 03/12/2013 Donación 1 1 185 E596 1996 62156 05/01/2026 14/04/2023 03/12/2013 Libro